-
WIEST, JEROME D. AND LEVY, FERDINAND K
Entry Personal Name
Number of records used in: 1
001 - CONTROL NUMBER
003 - CONTROL NUMBER IDENTIFIER
005 - DATE AND TIME OF LATEST TRANSACTION
- control field:
20240321115549.0
008 - FIXED-LENGTH DATA ELEMENTS
- fixed length control field:
240321|| aca||aabn | a|a d
040 ## - CATALOGING SOURCE
- Original cataloging agency:
JRU
- Transcribing agency:
JRU
100 ## - HEADING--PERSONAL NAME
- Personal name:
WIEST, JEROME D. AND LEVY, FERDINAND K
670 ## - SOURCE DATA FOUND
- Source citation:
Work cat.: (JRU)2289: WIEST, JEROME D. AND LEVY, FERDINAND K. , A MANAGEMENT GUIDE TO PERT/CPM WITH GERT/PDM/DCPM AND OTHER NETWORKS, 2004